000 00882nam0a22002531 4500
001 rc\4252364
005 20130416114148.1
035 _a(NLR Aleph) 008212513
090 _a8105451
_c8105451
100 _a20130416d1960 |||y0rusy50 ca
101 0 _arus
102 _aRU
105 _aa z |||||
200 1 _aПространственно-энергетическое распределение нейтронов в системе скважина-пласт
210 _aМосква
_cБ. и.
_d1960
215 _a[1], 26 с.
_cил.
_d29
300 _aОтпеч. множит. аппаратом на одной стороне листа
700 1 _aБарсуков
_bО. А.
_gОлег Александрович
701 1 _aАвзянов
_bВ. С.
801 0 _aRU
_bNLR
_gpsbo
801 1 _aRU
_bELAR
_2rusmarc
852 _aNLR
_j60-8/3019
942 _cBOOK
980 _aNB